| 000 | 01078nam a2200241 a 4500 | ||
|---|---|---|---|
| 001 | 000364759 | ||
| 003 | AM-YeHGA | ||
| 005 | 20250618072245.0 | ||
| 008 | 040223s1981 ai |||||r|||||||||0|rus|d | ||
| 040 | _aAM-YeHGA | ||
| 041 | 1 |
_arus _harm |
|
| 100 | 1 |
_aԶեյթունցյան, Պերճ Արմենակի, _d1938-2017 _99289 |
|
| 245 | 1 | 0 |
_aПьесы : _bСамый грустный человек. Легенда о разрушенном городе. Боги взывают / _cП. Зейтунцян ; Пер. Н. Гончар, Э. Радзинского. |
| 260 |
_aЕреван : _bСоветакан грох, _c1981. |
||
| 650 | 1 | 4 |
_aАрмянская литература _xПьесы |
| 700 | 1 |
_aԳոնչար, Նատալյա Ալեքսանդրի, _d1937- _4trl _92547 |
|
| 700 | 1 |
_aРадзинский, Эдвард Станиславович _d1936- _4trl |
|
| 740 | 0 | _aСамый грустный человек | |
| 740 | 0 | _aЛегенда о разрушенном городе | |
| 740 | 0 | _aБоги взывают | |
| 942 |
_2udc _cBK |
||
| 090 | _c140851 | ||
| 999 |
_c139473 _d139473 |
||